Normal view
MARC view
- DE-MTS-34
Entry Topical Term
001 - CONTROL NUMBER
- control field: 70763
003 - CONTROL NUMBER IDENTIFIER
- control field: NUST
005 - DATE AND TIME OF LATEST TRANSACTION
- control field: 20210628204542.0
008 - FIXED-LENGTH DATA ELEMENTS
- fixed length control field: 210628|| aca||aabn | a|a d
040 ## - CATALOGING SOURCE
- Original cataloging agency: NUST
- Transcribing agency: NUST
150 ## - HEADING--TOPICAL TERM
- Topical term or geographic name entry element: DE-MTS-34
670 ## - SOURCE DATA FOUND
- Source citation: Work cat.: (NUST): PC Saeed Iqbal PC Afeef Ahmed 70762, PR-SOF-1510-Design and Development of an Aerial Platform for Wildlife Identification and Tracking, 2016
